书目信息 |
| 题名: |
作文从仿写到会写就三步
|
|
| 作者: | ;三步作文教研室 主编 | |
| 分册: | ||
| 出版信息: | 北京 开明出版社 2018.03 |
|
| 页数: | 324页 | |
| 开本: | 24cm | |
| 丛书名: | ||
| 单 册: | ||
| 中图分类: | G624.243 | |
| 科图分类: | ||
| 主题词: | 作文课--小学--教学参考资料 | |
| 电子资源: | ||
| ISBN: | 978-7-5131-4036-2 | |
| 000 | 01709nam0 2200229 450 | |
| 001 | 0103152653 | |
| 005 | 20201103152731.0 | |
| 010 | @a978-7-5131-4036-2@dCNY38.80 | |
| 100 | @a20191019e20192018cemy0chiy50 ea | |
| 101 | 0 | @achi |
| 102 | @aCN@b110000 | |
| 105 | @ay z 000yy | |
| 106 | @ar | |
| 200 | 1 | @a作文从仿写到会写就三步@Azuo wen cong fang xie dao hui xie jiu san bu@e小学版@f三步作文教研室主编 |
| 210 | @a北京@c开明出版社@d2018.03@h2019.09 | |
| 215 | @a324页@d24cm | |
| 330 | @a仿写是最基础、最简单的写作模式。孩子害怕写作文或写不好作文,是因为他们没有体验过仿写带来的乐趣和成就感,从而对写作缺乏自信心。这本书所倡导的理念就是“写好作文,从仿写开始”,旨在培养孩子对写作的兴趣。本书特色如下:1.遵循大纲小学语文教学大纲要求小学生进行仿写练习。2.名篇精准本书中的每一篇名篇都是经过一线老师精挑细选出来的,其中有名家名作,也有课本和课外读物上的优秀作品,每一篇都是符合小学生阅读心理、适合小学生仿写的文章。3.闪光点提炼到位分析名篇时,对名篇的闪光点进行了剖析。对每一个闪光点的点评,不笼统、不宽泛,而是具体、到位,针对一点深入评说,帮学生知道到底好在哪个点上。4.模板精妙仿写万能模板=仿主题+仿表现手法+仿记叙方式+仿结构+仿语言表达。按照仿写万能模板,对每一个方面进行思考,并简单地列出来,一篇作文的构思就出来了。5.由易到难本书共有六部分内容,每一部分都按照从易到难的顺序安排篇目,即从片断到整篇,字数从少到多,不会给学生造成压力。6.名师编写编写本书的老师们来自北京、上海、山东、江苏、浙江等省市自治区名校的一线高级教师,他们教学经验丰富,思路新颖,方法科学、权威,对学生仿写具有很好的指导作用。 | |
| 606 | 0 | @a作文课@x小学@j教学参考资料 |
| 690 | @aG624.243@v5 | |
| 711 | 02 | @a三步作文教研室@Asan bu zuo wen jiao yan shi@4主编 |
| 801 | 0 | @aCN@bBJSZM@c20201103 |
| 905 | @b1256846-50@dG624.243@e1055@f5 | |
| 作文从仿写到会写就三步:小学版/三步作文教研室主编.-北京:开明出版社,2018.03(2019.09) |
| 324页;24cm |
| ISBN 978-7-5131-4036-2:CNY38.80 |
| 仿写是最基础、最简单的写作模式。孩子害怕写作文或写不好作文,是因为他们没有体验过仿写带来的乐趣和成就感,从而对写作缺乏自信心。这本书所倡导的理念就是“写好作文,从仿写开始”,旨在培养孩子对写作的兴趣。本书特色如下:1.遵循大纲小学语文教学大纲要求小学生进行仿写练习。2.名篇精准本书中的每一篇名篇都是经过一线老师精挑细选出来的,其中有名家名作,也有课本和课外读物上的优秀作品,每一篇都是符合小学生阅读心理、适合小学生仿写的文章。3.闪光点提炼到位分析名篇时,对名篇的闪光点进行了剖析。对每一个闪光点的点评,不笼统、不宽泛,而是具体、到位,针对一点深入评说,帮学生知道到底好在哪个点上。4.模板精妙仿写万能模板=仿主题+仿表现手法+仿记叙方式+仿结构+仿语言表达。按照仿写万能模板,对每一个方面进行思考,并简单地列出来,一篇作文的构思就出来了。5.由易到难本书共有六部分内容,每一部分都按照从易到难的顺序安排篇目,即从片断到整篇,字数从少到多,不会给学生造成压力。6.名师编写编写本书的老师们来自北京、上海、山东、江苏、浙江等省市自治区名校的一线高级教师,他们教学经验丰富,思路新颖,方法科学、权威,对学生仿写具有很好的指导作用。 |
| ● |
| 相关链接 |
|
|
|
|
正题名:作文从仿写到会写就三步
索取号:G624.243/1055
 
预约/预借
| 序号 | 登录号 | 条形码 | 馆藏地/架位号 | 状态 | 备注 |
| 1 | 1256846 | 212568461 | 第一样本阅览室/ [索取号:G624.243/1055] | 在馆 | |
| 2 | 1256847 | 212568470 | 教育系资料室/ [索取号:G624.243/1055] | 在馆 | |
| 3 | 1256848 | 212568489 | 教育系资料室/ [索取号:G624.243/1055] | 在馆 | |
| 4 | 1256849 | 212568498 | 第四借阅区/ [索取号:G624.243/1055] | 在馆 | |
| 5 | 1256850 | 212568504 | 第四借阅区/ [索取号:G624.243/1055] | 在馆 |